000 01038naa a22002897a 4500
001 BR7703200
003 BR-BrBNA
005 20240918174000.0
007 ta
008 230509b bl.||||| |||| 00| 0 por d
040 _aBR-BrBNA
_bpor
_cBiblioteca Nacional de Agricultura
041 _a(Pt)
072 _aP00; C00
_b/G514
090 _aP00 BR7703200
100 1 _aBurnheim, P.F.
245 1 _aNecessidades de pesquisa e preparo de pessoal para inventario e avaliacao dos recursos faunisticos [Brasil]
260 3 _aBrasilia, DF (Brasil):
_c1977.
500 _aEncontros Regionais sobre Conservacao da Fauna e Recursos Faunisticos Brasilia, DF (Brasil): 1977. p. 371-374 (BR7703200-AM)P00
650 _aRecurso natural
650 _aEducacao
650 _aFauna
650 _aTreinamento
650 _aConservacao
773 0 _tEncontros Regionais sobre Conservacao da Fauna e Recursos Faunisticos
_wP00 BR7703200
_gBrasilia, DF (Brasil), 1977. p. 371-374
909 _a202404
_bLucia
_c55
_dLucia Elande
942 _cAM
_2AGRIS
999 _c308122
_d308122